00667 2200265 4500001002100000005001500021035002000036007000300056008004100059040001700100100001700117245003900134250001000173300003700183020002200220041000800242082001200250084001800262090002200280260004200302850001000344600000900354990001900363990001900382INLIS00000000000352820260530122125 a0010-0621000060ta260530 0  aSBPUPADbind0 aKoes Irianto1 aKeluarga Berencana /cKoes Irianto aCet.1 avi, 82 hlm. :billus. ;c24,5 cm a978-602-9108-01-90 aind a304.666 a304.666 KOE k a551.46 SVE o 16-5 aBandung :bMedia Sarana Cerdas,c2011 aPUPAD 4aUmum a599/S/KAPD.PDG a600/S/KAPD.PDG